Ateneo : (Record no. 103636)

MARC details
000 -LEADER
campo de control de longitud fija 00928nam a2200265 i 4500
001 - NÚMERO DE CONTROL
campo de control 103636
003 - IDENTIFICADOR DE NÚMERO DE CONTROL
campo de control ES-MaACL
005 - FECHA Y HORA DE LA ÚLTIMA TRANSACCIÓN
campo de control 20240221063030.0
007 - CAMPO FIJO DE DESCRIPCIÓN FÍSICA--INFORMACIÓN GENERAL
campo de control de longitud fija t|
008 - DATOS DE LONGITUD FIJA--INFORMACIÓN GENERAL
campo de control de longitud fija 060426s1960 sp c |||| | spa d
040 ## - FUENTE DE CATALOGACIÓN
Centro/agencia transcriptor ES-MaACL
080 ## - NÚMERO DE LA CLASIFICACIÓN DECIMAL UNIVERSAL
Número de la Clasificación Decimal Universal 014.3:05(464.14) Ateneo
100 1# - ENTRADA PRINCIPAL--NOMBRE DE PERSONA
Nombre de persona Sagardía, Ángel.
9 (RLIN) 139049
Término indicativo de función/relación Autor
245 10 - MENCIÓN DEL TÍTULO
Título Ateneo :
Resto del título (Madrid, 1906-1912) /
Mención de responsabilidad, etc. Ángel Sagardía
260 ## - PUBLICACIÓN, DISTRIBUCIÓN, ETC.
Lugar de publicación, distribución, etc. Madrid :
Nombre del editor, distribuidor, etc. Instituto Miguel de Cervantes del CSIC,
Fecha de publicación, distribución, etc. 1960.
300 ## - DESCRIPCIÓN FÍSICA
Extensión XVIII, 144 páginas ;
Dimensiones 24 cm
490 1# - MENCIÓN DE SERIE
Mención de serie Colección de índices de publicaciones periódicas ;
Designación de volumen o secuencia 18
630 07 - PUNTO DE ACCESO ADICIONAL DE MATERIA--TÍTULO UNIFORME
Título uniforme Ateneo (Madrid, 1906-1912)-
Subdivisión de forma Índices.
9 (RLIN) 119067
710 2# - ENTRADA AGREGADA--NOMBRE DE ENTIDAD CORPORATIVA
Nombre de entidad corporativa o nombre de jurisdicción como elemento de entrada Instituto "Miguel de Cervantes"
9 (RLIN) 5133
Término indicativo de función/relación Editor
830 0# - PUNTO DE ACCESO ADICIONAL DE SERIE-TÍTULO UNIFORME
Título uniforme Colección de índices de publicaciones periódicas ;
Designación de volumen o secuencia 18
9 (RLIN) 184798
852 ## - LOCALIZACIÓN
Ubicación ES-MaACL
Número de control de estantería C-21240
Ubicación en estantería Mesetón
942 ## - ELEMENTOS DE ENTRADA SECUNDARIOS (KOHA)
Tipo de ítem Koha Libro impreso
Suprimir en OPAC No
Holdings
Estatus retirado Estado de pérdida Estado de daño No para préstamo Biblioteca de origen Biblioteca actual Ubicación en estantería Fecha de adquisición Fuente de adquisición Total de préstamos Signatura topográfica completa Código de barras Visto por última vez Precio de reemplazo Tipo de ítem Koha
        Biblioteca del Ateneo de Madrid Biblioteca del Ateneo de Madrid Galería 17/01/2008     C-21240 1108205 23/02/2023 23/02/2023 Libro impreso